Notas para la introducción del método de las perturbaciones en la mecánica general / (Record no. 181227)

MARC details
000 -LEADER
campo de control de longitud fija 00916nam a2200205 i 4500
001 - NÚMERO DE CONTROL
campo de control 181227
003 - IDENTIFICADOR DE NÚMERO DE CONTROL
campo de control ES-MaACL
005 - FECHA Y HORA DE LA ÚLTIMA TRANSACCIÓN
campo de control 20250812224327.0
008 - DATOS DE LONGITUD FIJA--INFORMACIÓN GENERAL
campo de control de longitud fija 121105s1919 sp |||| | spa d
100 1# - ENTRADA PRINCIPAL--NOMBRE DE PERSONA
Nombre de persona Lorente de No, Fernando.
9 (RLIN) 149759
245 10 - MENCIÓN DEL TÍTULO
Título Notas para la introducción del método de las perturbaciones en la mecánica general /
Mención de responsabilidad, etc. por F. Lorente de Nó.
260 ## - PUBLICACIÓN, DISTRIBUCIÓN, ETC.
Lugar de publicación, distribución, etc. Madrid :
Nombre del editor, distribuidor, etc. Junta para Ampliación de Estudios e Investigaciones Científicas,
Fecha de publicación, distribución, etc. 1919.
300 ## - DESCRIPCIÓN FÍSICA
Extensión P. [203]-258 ;
Dimensiones 23 cm.
490 1# - MENCIÓN DE SERIE
Mención de serie Publicaciones del Laboratorio y Seminario Matemático ;
Designación de volumen o secuencia t. 3. Memoria 4ª
650 #4 - PUNTO DE ACCESO ADICIONAL DE MATERIA--TÉRMINO DE MATERIA
Término de materia o nombre geográfico como elemento de entrada Dinámica.
9 (RLIN) 151794
710 2# - ENTRADA AGREGADA--NOMBRE DE ENTIDAD CORPORATIVA
Nombre de entidad corporativa o nombre de jurisdicción como elemento de entrada Junta para la Ampliación de Estudios e Investigaciones Científicas.
9 (RLIN) 5413
830 00 - PUNTO DE ACCESO ADICIONAL DE SERIE-TÍTULO UNIFORME
Título uniforme Publicaciones del Laboratorio y Seminario Matemático
Designación de volumen o secuencia t. 3. Memoria 4ª
9 (RLIN) 191411
852 ## - LOCALIZACIÓN
Ubicación ES-MaACL
Número de control de estantería B-13178(4)
Nota libre .- Enc. vol. facticio
Holdings
Estatus retirado Estado de pérdida Estado de daño No para préstamo Biblioteca de origen Biblioteca actual Ubicación en estantería Fecha de adquisición Fuente de adquisición Total de préstamos Signatura topográfica completa Código de barras Visto por última vez Precio de reemplazo Tipo de ítem Koha
        Biblioteca del Ateneo de Madrid Biblioteca del Ateneo de Madrid Sala Pardo Bazán 05/11/2012     B-13178(4) 1190445 23/02/2023 23/02/2023 Libro impreso